Statistics for #1 UK Hits of the 1980s

Click here to take the quiz!

General Stats

  • This quiz has been taken 298 times
  • The average score is 111 of 191

Answer Stats

YearSongArtist% Correct
1986True BlueMadonna
95%
1987La Isla BonitaMadonna
95%
1986Papa Don't PreachMadonna
95%
1985Into the GrooveMadonna
95%
1987Who's That GirlMadonna
95%
1989Like a PrayerMadonna
95%
1987I Just Can't Stop Loving YouMichael Jackson and Siedah Garrett
95%
1980Don't Stand So Close to MeThe Police
95%
1981Every Little Thing She Does Is MagicThe Police
95%
1983Every Breath You TakeThe Police
95%
1984Wake Me Up Before You Go-GoWham!
95%
1984FreedomWham!
95%
1986The Edge of HeavenWham!
95%
1985I'm Your ManWham!
95%
1983Billie JeanMichael Jackson
94%
1981One Day In Your LifeMichael Jackson
94%
1981Under PressureQueen and David Bowie
93%
1985Saving All My Love for YouWhitney Houston
93%
1988One Moment in TimeWhitney Houston
93%
1987I Wanna Dance with Somebody (Who Loves Me)Whitney Houston
93%
1987I Knew You Were Waiting (For Me)Aretha Franklin and George Michael
92%
1982Do You Really Want to Hurt MeCulture Club
92%
1983Karma ChameleonCulture Club
92%
1984Careless WhisperGeorge Michael
92%
1986A Different CornerGeorge Michael
92%
1987Never Gonna Give You UpRick Astley
90%
1983Uptown GirlBilly Joel
89%
1983Let's DanceDavid Bowie
88%
1980Ashes to AshesDavid Bowie
88%
1983Total Eclipse of the HeartBonnie Tyler
87%
1986The Final CountdownEurope
87%
1982Ebony and IvoryPaul McCartney and Stevie Wonder
86%
1980AtomicBlondie
85%
1980Call MeBlondie
85%
1980The Tide Is HighBlondie
85%
1981WomanJohn Lennon
85%
1980(Just Like) Starting OverJohn Lennon
85%
1981ImagineJohn Lennon
85%
1984Pipes of PeacePaul McCartney
85%
1980Another Brick in the Wall (Part II)Pink Floyd
85%
1984I Just Called to Say I Love YouStevie Wonder
84%
1983Red Red WineUB40
84%
1985I Got You BabeUB40 and Chrissie Hynde
84%
1986West End GirlsPet Shop Boys
83%
1988HeartPet Shop Boys
83%
1987Always on My MindPet Shop Boys
83%
1987It's a SinPet Shop Boys
83%
1983You Can't Hurry LovePhil Collins
82%
1988A Groovy Kind of LovePhil Collins
82%
1985Dancing in the StreetDavid Bowie and Mick Jagger
81%
1980Super TrouperABBA
80%
1980The Winner Takes It AllABBA
80%
1984Do They Know It's Christmas?Band Aid
80%
1989Do They Know It's Christmas?Band Aid II
80%
1981Tainted LoveSoft Cell
80%
1989Eternal FlameThe Bangles
80%
1984The Power of LoveFrankie Goes to Hollywood
79%
1984Two TribesFrankie Goes to Hollywood
79%
1984RelaxFrankie Goes to Hollywood
79%
1988Heaven Is a Place on EarthBelinda Carlisle
78%
1988I Think We're Alone NowTiffany
78%
1984The ReflexDuran Duran
76%
1983Is There Something I Should Know?Duran Duran
76%
1984HelloLionel Richie
76%
1982Eye of the TigerSurvivor
76%
1989Ferry 'Cross the MerseyThe Christians, Holly Johnson, Paul McCartney, Gerry Marsden and Stock Aitken Waterman
76%
1982Come On EileenDexys Midnight Runners
73%
1980GenoDexys Midnight Runners
73%
1988DesireU2
72%
1986The Sun Always Shines on TVa-ha
71%
198499 Red BalloonsNena
71%
1986Take My Breath AwayBerlin
70%
1989Hand on Your HeartKylie Minogue
70%
1988I Should Be So LuckyKylie Minogue
70%
1983Down UnderMen at Work
70%
1986Living DollCliff Richard and The Young Ones
69%
1988Mistletoe and WineCliff Richard
68%
1986When the Going Gets Tough, the Tough Get GoingBilly Ocean
67%
1986Rock Me AmadeusFalco
67%
1986Chain ReactionDiana Ross
65%
1985I Want to Know What Love IsForeigner
65%
1988Orinoco FlowEnya
64%
1980Brass in PocketPretenders
64%
1983TrueSpandau Ballet
64%
1981Don't You Want MeThe Human League
64%
1985There Must Be an Angel (Playing with My Heart)Eurythmics
63%
1989Especially For YouKylie Minogue and Jason Donovan
62%
1980XanaduOlivia Newton-John and the Electric Light Orchestra
62%
1986The Lady in RedChris de Burgh
61%
1980Start!The Jam
61%
1982Town Called Malice/PreciousThe Jam
61%
1982Beat SurrenderThe Jam
61%
1980Going Underground/Dreams of ChildrenThe Jam
61%
1982House of FunMadness
60%
1982Oh JulieShakin' Stevens
60%
1981Green DoorShakin' Stevens
60%
1981This Ole HouseShakin' Stevens
60%
1985Merry Christmas EveryoneShakin' Stevens
60%
1987Nothing's Gonna Stop Us NowStarship
60%
1985Easy LoverPhilip Bailey and Phil Collins
59%
1981Prince CharmingAdam and the Ants
56%
1981Stand and DeliverAdam and the Ants
56%
1982Goody Two ShoesAdam Ant
54%
1981It's My PartyDave Stewart and Barbara Gaskin
54%
1985You Spin Me Round (Like a Record)Dead or Alive
54%
1983Too ShyKajagoogoo
54%
1983Baby JaneRod Stewart
54%
1985We Are the WorldUSA for Africa
54%
1980Woman in LoveBarbra Streisand
52%
1989Too Many Broken HeartsJason Donovan
51%
1989Sealed with a KissJason Donovan
51%
1986Don't Leave Me This WayThe Communards
51%
1987China in Your HandT'Pau
51%
1981Making Your Mind UpBucks Fizz
50%
1982My Camera Never LiesBucks Fizz
50%
1982The Land of Make BelieveBucks Fizz
50%
1988The Only Way Is UpYazz and the Plastic Population
49%
1985The Power of LoveJennifer Rush
48%
1983Wherever I Lay My Hat (That's My Home)Paul Young
47%
1980Coward of the CountryKenny Rogers
46%
1982Pass the DutchieMusical Youth
46%
1989Belfast ChildSimple Minds
46%
1987You Win AgainBee Gees
45%
1982FameIrene Cara
45%
1984I Feel for YouChaka Khan
44%
1985A Good HeartFeargal Sharkey
43%
1987La BambaLos Lobos
43%
1987RespectableMel and Kim
43%
1988Theme from S-ExpressS-Express
43%
1989Ride On TimeBlack Box
42%
1986Caravan of LoveThe Housemartins
42%
1981Ghost TownThe Specials
42%
1989You Got It (The Right Stuff)New Kids on the Block
41%
198519Paul Hardcastle
41%
1989All Around the WorldLisa Stansfield
40%
1981Jealous GuyRoxy Music
40%
1987Stand by MeBen E. King
39%
1988PerfectFairground Attraction
39%
1985I Know Him So WellElaine Paige and Barbara Dickson
38%
1988He Ain't Heavy, He's My BrotherThe Hollies
38%
1988I Owe You NothingBros
36%
1986Spirit in the SkyDoctor and the Medics
36%
1986Reet Petite (The Sweetest Girl in Town)Jackie Wilson
36%
1982Computer Love/The ModelKraftwerk
35%
1987Everything I OwnBoy George
34%
1989Something's Gotten Hold of My HeartMarc Almond feat. Gene Pitney
34%
1986Every Loser WinsNick Berry
34%
1982The Lion Sleeps TonightTight Fit
34%
1982Happy TalkCaptain Sensible
33%
1983Give It UpKC and the Sunshine Band
33%
1985If I WasMidge Ure
33%
1985FrankieSister Sledge
32%
1982I Don't Wanna DanceEddy Grant
31%
1981Begin The Beguine (Volver A Empezar)Julio Iglesias
31%
1988Don't Turn AroundAswad
30%
1980There's No One Quite Like GrandmaSt Winifred's School Choir
30%
1988With a Little Help from My Friends/She's Leaving HomeWet Wet Wet/Billy Bragg and Cara Tivey
30%
1989Back to Life (However Do You Want Me)Soul II Soul feat. Caron Wheeler
29%
1983Only YouThe Flying Pickets
29%
1980Theme from M*A*S*H (Suicide is Painless)The Mash
29%
1988Nothing's Gonna Change My Love for YouGlenn Medeiros
27%
1987Pump Up The Volume/Anitina (The First Time I See She Dance)MARRS
27%
1981Being with YouSmokey Robinson
27%
1986The Chicken SongSpitting Image
27%
1983Candy GirlNew Edition
26%
1981Japanese BoyAneka
25%
1989Swing the MoodJive Bunny and the Mastermixers
25%
1989That's What I LikeJive Bunny and the Mastermixers
25%
1989Let's PartyJive Bunny and the Mastermixers
25%
1985Move CloserPhyllis Nelson
24%
1982I've Never Been to MeCharlene
22%
1982Seven TearsGoombay Dance Band
21%
1984I Should Have Known BetterJim Diamond
21%
1988First TimeRobin Beck
21%
1989You'll Never Stop Me Loving YouSonia
21%
1980CryingDon McLean
20%
1980Working My Way Back to You - Forgive Me GirlThe Detroit Spinners
20%
1980What's Another YearJohnny Logan
18%
1988Doctorin' the TardisThe Timelords
18%
1980Together We Are BeautifulFern Kinney
17%
1987Let It BeFerry Aid
17%
1980Feels Like I'm in LoveKelly Marie
17%
1987Star Trekkin'The Firm
17%
1986I Want to Wake Up with YouBoris Gardiner
15%
1982A Little PeaceNicole
15%
1980Use It Up and Wear It OutOdyssey
15%
1980Too Much Too YoungThe Special AKA feat. Rico
15%
1982Save Your LoveRenee and Renato
14%
1985You'll Never Walk AloneThe Crowd
9%
1981Shaddap You FaceJoe Dolce Music Theatre
7%
1987Jack Your BodySteve "Silk" Hurley
7%

Score Distribution

Percentile by Number Answered

Percent of People with Each Score

Your Score History

You have not taken this quiz